Legislatíva - významný faktor podnikateľského prostredia

Legislatívne prostredie SR a jeho vplyv na podnikanie malých a stredných podnikov. Problémy v legislatíve a ich vplyv na podnikanie MSP.

Salvato in:
Dettagli Bibliografici
Autore principale: Markovičová, Marta, 1962-
Natura: Capitolo di libro
Lingua:slovacco
Soggetti:
Tags: Aggiungi Tag
Nessun Tag, puoi essere il primo ad aggiungerne!!

MARC

LEADER 00000nla a2200000 4500
001 0201773
005 20240502073411.7
041 0 |a slo 
044 |a SK 
245 1 0 |a Legislatíva - významný faktor podnikateľského prostredia  |c Marta Markovičová 
520 |a Legislatívne prostredie SR a jeho vplyv na podnikanie malých a stredných podnikov. Problémy v legislatíve a ich vplyv na podnikanie MSP. 
610 2 0 |a podnik malý 
610 2 0 |a podnik stredný 
610 2 0 |a prostredie podnikateľské 
610 2 0 |a legislatíva 
610 2 0 |a Slovensko 
100 1 |a Markovičová, Marta, 1962-